| 000 | 00360nam a2200145Ia 4500 | ||
|---|---|---|---|
| 008 | 200615s9999||||xx |||||||||||||| ||und|| | ||
| 020 | _a9788125910848 | ||
| 082 |
_a650 _bSEC-P |
||
| 100 | _aPANDIAN,PUNITHAVATHY | ||
| 245 | 0 | _aSECURTIES ANALYSIS AND PORTFOLIO MANAGEMENT | |
| 250 | _a1ST | ||
| 260 |
_aNew Delhi _bVIKAS _c2018 |
||
| 300 | _a464 | ||
| 942 | _cBK | ||
| 999 |
_c28279 _d28279 |
||